Owoce na literę A - Statystyki

Ogólne statystyki
  • Ten quiz został rozwiązany 624 razy
  • Średni wynik to 4 z 8
Statystyki odpowiedzi
Litera Odpowiedź % Poprawnych
A Ananas
90%
A Arbuz
86%
A Agrest
73%
A Awokado
62%
A Aronia
49%
A Acerola
11%
A Acai
9%
A Aktinidia
6%
Nie znaleziono quizów pasujących do podanych kryteriów
Rozkład punktacji
Procent ludzi z każdym wynikiem
Percentyl według liczby udzielonych odpowiedzi
Twoja historia wyników
Nie rozwiązałeś tego quizu